000 00471nam a22001817a 4500
003 NUST - PNEC
005 20170116181149.0
008 151027b xxu||||| |||| 00| 0 eng d
020 _a0805302859
040 _cLIBRARY
082 _a621.3815 SAV
100 _915287
_aSavant, C.J.
245 _aElectronic design : circuits and systems
_cC.J. Savant
250 _a2nd ed.
260 _cc.1987
650 _915290
_aElectronic Circuit Design
_xME
942 _2ddc
_cBK
999 _c70883
_d70883